000 01021nam a22001337a 4500
999 _c4914
_d4914
020 _a9964-967-7
050 _aKF1344
_b.Ab8
100 _aAbrefa- Gyan, Kwame
245 _aCompany and partnership law for professional and tertiary student
_c Kwame Abrefa- Gyan
260 _aAccra- Ghana
_bK. N. AB Agencies Ltd
_c2006
300 _aiii,254
_c22cm.
505 _aNature and types of companies - Regulations - Alterations of the regulations - Commencement of business - Promoters - Capital and Financing of the company - Acts by or on behalf of the company - Share and share capital - Management & administration of a company - Officer of a company - Auditors - Meetings and resolutions - The corporate veil - Ultra vires - Majority rule and minority protections - Representative action - Receivers and managers - Winding up (liquidation) - Partnership - Registered officer and annual returns - Functions of the registrar general - Business property - Legal environment of business -
942 _cBK